<?xml version="1.0" encoding="UTF-8"?>
<collection xmlns="http://www.loc.gov/MARC21/slim">
 <record>
  <leader>00709pamaa2200205   4500</leader>
  <controlfield tag="001">0000017741</controlfield>
  <controlfield tag="005">20060525090000.0</controlfield>
  <datafield tag="020" ind1="0" ind2="0">
   <subfield code="a">0684810301 </subfield>
  </datafield>
  <datafield tag="082" ind1=" " ind2=" ">
   <subfield code="a">973.922092 MAT 1996</subfield>
  </datafield>
  <datafield tag="090" ind1="0" ind2="0">
   <subfield code="a">E842.1 </subfield>
   <subfield code="b">MAT 1996</subfield>
  </datafield>
  <datafield tag="100" ind1="1" ind2="0">
   <subfield code="a">MATTHEWS </subfield>
  </datafield>
  <datafield tag="245" ind1="1" ind2="0">
   <subfield code="a">Kennedy &amp; Nixon : </subfield>
   <subfield code="b">the rivalry that shaped postwar America  </subfield>
   <subfield code="c">Christopher Matthews.</subfield>
  </datafield>
  <datafield tag="260" ind1="0" ind2="0">
   <subfield code="a">New York: </subfield>
   <subfield code="b">Simon &amp; Schuster, </subfield>
   <subfield code="c">1996.</subfield>
  </datafield>
  <datafield tag="300" ind1=" " ind2=" ">
   <subfield code="a">377p.: </subfield>
   <subfield code="b">ill.; </subfield>
   <subfield code="c">25cm.</subfield>
  </datafield>
  <datafield tag="600" ind1="1" ind2="0">
   <subfield code="a">Nixon, </subfield>
   <subfield code="h">Richard M. (Richard Milhous)</subfield>
  </datafield>
  <datafield tag="600" ind1="1" ind2="0">
   <subfield code="a">Kennedy, </subfield>
   <subfield code="h">John F. (John Fitzgerald)</subfield>
  </datafield>
  <datafield tag="600" ind1="1" ind2="0">
   <subfield code="a">Kennedy, </subfield>
   <subfield code="h">John F.</subfield>
  </datafield>
  <datafield tag="650" ind1="0" ind2="0">
   <subfield code="a">Presidents -- </subfield>
   <subfield code="x">United States -- </subfield>
   <subfield code="x">Biography </subfield>
  </datafield>
  <datafield tag="651" ind1="0" ind2="0">
   <subfield code="a">United States -- </subfield>
   <subfield code="x">Politics and government -- </subfield>
   <subfield code="y">1945-1989 </subfield>
  </datafield>
  <datafield tag="740" ind1="0" ind2="0">
   <subfield code="a">Kennedy and Nixon</subfield>
  </datafield>
 </record>
</collection>
